008380000a22002410004500090001700000245015800017653003100175653002000206690002600226690002100252690003000273690002700303690002600330041001400356044001300370700002000383700003000403700003500433100002800468942001300496773007000509999001700579 aASbSERIADAS10aDeterminación de la capacidad antiepibiótica de los extractos orgánicos crudos de las esponjas marinas Cribrochalina Infundibulum y Biemna Cribaria eCribrochalina infundibulum eBiemna cribaria aAntiepibiosis9100389 aExtractos941219 aOrganismos marinos933602 aEsponjas de mar918088 aColonización9136500 aEspañol aColombia1 aZea, Sven937561 aNewmark, Federico91003901 aSantos Acevedo, Marisol9157651 aArias, Jazmín9100391 cARTICULO1 tBoletín de Investigaciones Marinas y Costerasq91-101d2006g35 c16224d16224